000 00365nam a22001577a 4500
008 250808b |||||||| |||| 00| 0 eng d
020 _a9789356963801
_c225
040 _a03
082 _a614.1 SHA
100 _aSHARMA RIMPLE
245 _aESSENTIALS OF FORENSIC NURSING
250 _a1
260 _aDELHI
_bJAYPEE PUB.
_c7/8/25
300 _a136
942 _c01
999 _c65899
_d65899